La transcursividad : (Registro nro. 48222)
[ vista simple ]
| 000 -LEADER | |
|---|---|
| fixed length control field | 01244nam a2200289 4500 |
| 001 - CONTROL NUMBER | |
| control field | 0000022676 |
| 003 - CONTROL NUMBER IDENTIFIER | |
| control field | CO-CtgCURN |
| 005 - DATE AND TIME OF LATEST TRANSACTION | |
| control field | 20250506203501.0 |
| 008 - FIXED-LENGTH DATA ELEMENTS--GENERAL INFORMATION | |
| fixed length control field | 160627s1997 000 0 eng d |
| 020 ## - INTERNATIONAL STANDARD BOOK NUMBER | |
| International Standard Book Number | 9586281426 |
| 040 ## - CATALOGING SOURCE | |
| Original cataloging agency | CO-CtgCURN |
| Language of cataloging | spa |
| Transcribing agency | coctgcurn |
| 082 0# - DEWEY DECIMAL CLASSIFICATION NUMBER | |
| Classification number | 158.2 |
| Item number | G17t |
| 100 1# - MAIN ENTRY--PERSONAL NAME | |
| Personal name | Garavito Pardo, Edgar. |
| 245 13 - TITLE STATEMENT | |
| Title | La transcursividad : |
| Remainder of title | critica de la identidad psicologica / |
| Statement of responsibility, etc. | Edgar Garavito Pardo. |
| 260 ## - PUBLICATION, DISTRIBUTION, ETC. | |
| Place of publication, distribution, etc. | Bogotá : |
| Name of publisher, distributor, etc. | Universidad Nacional de Colombia, |
| Date of publication, distribution, etc. | 1997. |
| 300 ## - PHYSICAL DESCRIPTION | |
| Extent | 210 p. |
| 336 ## - CONTENT TYPE | |
| Source | rdacontent |
| 337 ## - MEDIA TYPE | |
| Source | rdamedia |
| Media type term | sin mediacion |
| Media type code | n |
| 338 ## - CARRIER TYPE | |
| Source | rdacarrier |
| Carrier type term | volumen |
| Carrier type code | nc |
| 504 ## - BIBLIOGRAPHY, ETC. NOTE | |
| Bibliography, etc. note | Bibliografia (p. 207-210) |
| 505 8# - FORMATTED CONTENTS NOTE | |
| Formatted contents note | Alejarse del mundo.--Un caso especial de monologo.--El transcurso monologal.--Un dialogo en medio del desierto.--La aventura transcursiva.--Encerrarse en el discurso.--Como recuperar el cuerpo.--El dominio del discurso.--La frontera del discurso.--El transcurso discursivo.--Espacio tiempo y transcurso |
| 650 #0 - SUBJECT ADDED ENTRY--TOPICAL TERM | |
| Topical term or geographic name entry element | Personalidad |
| Form subdivision | Ensayos, conferencias, etc. |
| 740 0# - ADDED ENTRY--UNCONTROLLED RELATED/ANALYTICAL TITLE | |
| Uncontrolled related/analytical title | Critica de la identidad psicologica. |
| 908 ## - PUT COMMAND PARAMETER (RLIN) | |
| Put command parameter | 160627 |
| 942 ## - ADDED ENTRY ELEMENTS (KOHA) | |
| Koha item type | Libros |
| Classification part | 158.2 |
| Item part | G17t |
| Source of classification or shelving scheme | Dewey Decimal Classification |
| 999 ## - SYSTEM CONTROL NUMBERS (KOHA) | |
| -- | 3 |
| Withdrawn status | Lost status | Source of classification or shelving scheme | Damaged status | Not for loan | Collection | Home library | Current library | Shelving location | Date acquired | Inventory number | Total checkouts | Full call number | Barcode | Date last seen | Copy number | Price effective from | Koha item type | Public note |
|---|---|---|---|---|---|---|---|---|---|---|---|---|---|---|---|---|---|---|
| Dewey Decimal Classification | General | Miguel Henríquez Castañeda | Miguel Henríquez Castañeda | General | 03/04/2019 | 011050 | 158.2 G17t | 011050 | 03/04/2019 | ej.1 | 03/04/2019 | Libros | 150-PSICOL | |||||
| Dewey Decimal Classification | General | Miguel Henríquez Castañeda | Miguel Henríquez Castañeda | General | 03/04/2019 | 011051 | 158.2 G17t | 011051 | 03/04/2019 | ej.2 | 03/04/2019 | Libros | 150-PSICOL | |||||
| Dewey Decimal Classification | General | Miguel Henríquez Castañeda | Miguel Henríquez Castañeda | General | 03/04/2019 | 011052 | 158.2 G17t | 011052 | 03/04/2019 | ej.3 | 03/04/2019 | Libros | 150-PSICOL |